[Event "SRB-chT2 South CS"]
[Site "Nis"]
[Date "2012.09.22"]
[Round "2.1"]
[White "Mladenovic, Stefan"]
[Black "Necevski, Aleksandar"]
[Result "1/2-1/2"]
[WhiteElo "2264"]
[BlackElo "2275"]
[PlyCount "22"]
[EventDate "2012.09.21"]
[EventType "team-tourn"]
[EventRounds "10"]
[EventCountry "SRB"]
[SourceTitle "EXT 2019"]
[Source "ChessBase"]
[SourceDate "2018.10.10"]
[SourceVersion "1"]
[SourceVersionDate "2018.10.10"]
[SourceQuality "1"]

1. d4 d5 2. c4 c6 3. Nf3 Nf6 4. e3 Bf5 5. Nc3 e6 6. Nh4 Be4 7. f3 Bg6 8. Qb3 Qc7 9. Bd2 Be7 10. g3 a6 11. Rc1 dxc4 1/2-1/2